Facta Universitatis, Series
Na minha lista:
| Formato: | Periódico |
|---|---|
| Idioma: | inglês |
| Publicado em: |
Niš
University of Niš
|
| Tags: |
Sem tags, seja o primeiro a adicionar uma tag!
|
MARC
| LEADER | 00000nas1a2200000 4500 | ||
|---|---|---|---|
| 001 | 0305628 | ||
| 005 | 20241216085105.2 | ||
| 022 | |a 0354-4699 | ||
| 022 | |a 2406-050X | ||
| 041 | 0 | |a eng | |
| 044 | |a RS | ||
| 245 | 1 | 0 | |a Facta Universitatis, Series |
| 264 | 1 | |a Niš |b University of Niš | |